000 00331nam a22001337a 4500
008 171107b xxu||||| |||| 00| 0 eng d
020 _a9780470534779
041 _aeng
080 _a330.722.6
100 _a62
101 _aKON
245 _aFINANCIAL ACCOUNTING TOOLS FOR BUSINESS DECISION MAKING
_cKIMMEL.P.D
942 _2udc
_cBK
999 _c38037
_d38037